| 000 | 00747nam a22002057a 4500 | ||
|---|---|---|---|
| 999 |
_c195506 _d195506 |
||
| 005 | 20230331143137.0 | ||
| 010 | _aENG-136571 | ||
| 020 |
_a9788175415874 _c550.00 |
||
| 035 | _aEN-120103 | ||
| 037 | _bDBAD/PUB | ||
| 082 | _a304.6 | ||
| 245 |
_aDemography Migration In Asia : _bIssue And Trends / _cEdited By Anita Sengupta And Suchandana Chatterjee |
||
| 250 | _aFirst | ||
| 260 |
_aNew Delhi _bShipra Publications _c2011 |
||
| 270 |
_aLG-18-19, Pankaj Central Market , Patparganj _bNew Delhi _e110092 _minfo@shiprapublications.com _k91-11-22235152 _k91-11-22236152 |
||
| 300 |
_a175p.; _c22cm(hbk) _bindex |
||
| 700 |
_aSengupta., Anita _eEditor |
||
| 700 |
_aChatterjee, Suchandana _eEditor |
||
| 942 |
_2ddc _cEN _mDEM _h304.6 |
||